Actor's With "I" in Their Name by Picture - Statistics

General Stats
  • This quiz has been taken 185 times
  • The average score is 9 of 14
Answer Stats
Picture Answer % Correct
Will Smith
92%
Angelina Jolie
89%
Ryan Gosling
87%
Julia Roberts
81%
Robert Pattinson
81%
Emily Blunt
69%
Frank Sinatra
68%
Gene Wilder
67%
Sigourney Weaver
57%
William Shatner
53%
Julia Louis-Dreyfus
46%
Alicia Silverstone
40%
Elizabeth Olsen
36%
Ian McKellan
28%
No matching quizzes found
Score Distribution
Percent of People with Each Score
Percentile by Number Answered
Your Score History
You have not taken this quiz